| 000 | 00000nam 2200000zi 4500 |
| 001 | 9.931321 |
| 003 | CaOODSP |
| 005 | 20240202100952 |
| 006 | m o d f |
| 007 | cr cn |||||||| |
| 008 | 231211s2011 onca o f000 0 eng d |
| 040 | |aCaOODSP|beng|erda|cCaOODSP |
| 041 | |aeng|afre |
| 043 | |an-cn--- |
| 086 | 1 |aCC274-28/2011-PDF |
| 245 | 00|aScent free zone : |bhelp us keep the air we share healthy and fragrance-free = Milieu sans parfum : aidez-nous à garder l'air que nous partageons sain et exempt de parfum. |
| 246 | 11|aMilieu sans parfum : |baidez-nous à garder l'air que nous partageons sain et exempt de parfum |
| 264 | 1|a[Hamilton, Ont.?] : |bCanadian Centre for Occupational Health and Safety = Centre canadien d'hygiène et de sécurité au travail, |c[2011] |
| 300 | |a1 online resource (2 unnumbered pages) : |billustrations |
| 336 | |atext|btxt|2rdacontent |
| 337 | |acomputer|bc|2rdamedia |
| 338 | |aonline resource|bcr|2rdacarrier |
| 500 | |aCaption title. |
| 520 | |a"The chemicals used in scented products can make some people sick, especially those with fragrance sensitivities, asthma, allergies and other medical conditions"--Page [1]. |
| 546 | |aText in English and in French. |
| 650 | 0|aIndustrial hygiene|xGovernment policy|zCanada. |
| 650 | 0|aEnvironmental health|xGovernment policy|zCanada. |
| 650 | 0|aOdors|xEnvironmental aspects. |
| 710 | 2 |aCanadian Centre for Occupational Health and Safety, |eissuing body. |
| 792 | |tScent free zone : |efre|w(CaOODSP)9.931322 |
| 856 | 40|qPDF|s707 KB|uhttps://publications.gc.ca/collections/collection_2024/cchst-ccohs/CC274-28-2011.pdf |